[Event "Hyeres op"]
[Site "Hyeres"]
[Date "1992.??.??"]
[Round "?"]
[White "Renaze, Luc"]
[Black "Boudre, Jean Pierre"]
[Result "1/2-1/2"]
[WhiteElo "2240"]
[BlackElo "2405"]

1.d4 d5 2.c4 c6 3.Nf3 Nf6 4.Nc3 e6 5.e3 Nbd7 6.Bd3 dxc4 7.Bxc4 b5 8.Bd3 Bb7
9.e4 b4 10.Ne2 c5 11.e5 Nd5 12.O-O Rc8 13.Bg5 Qb6 14.Rc1 h6 15.Bd2 Be7 16.Ng3 cxd4
17.Rxc8+ Bxc8 18.Qe2 a6 19.Rc1 Bb7 20.Nh5 g6 21.Ng3 Kf8 22.Bb1 Kg7 23.Qd3 Bg5
24.h4 Nf4 25.Qf1 Bxf3 26.gxf3 Nh3+ 27.Qxh3 Bxd2 28.Nh5+ Kh7 29.Rc2 Bc3 30.f4 b3
31.axb3 Bb4 32.Qf3 Nc5 33.Rc4 Rd8 34.Nf6+ Kh8 35.Bd3 Bd2 36.b4 Nxd3 37.Qxd3 Qb5
38.h5 Bxf4 39.hxg6 Qxe5 40.Ne4 Qg7 41.Kf1 Qxg6 42.Rxd4 Rxd4 43.Qxd4+ e5 44.Qd8+ Kg7
45.Nd6 Qe6 46.Ne8+ Kg6 47.Nc7 Qc4+ 48.Kg1 Qc1+ 49.Kg2 Qc6+ 50.Nd5 Kg7 51.Kg1 Bg5
52.Qa5 Qg6 53.Kf1 h5 54.Nc3 Bf4 55.b5 axb5 56.Qxb5 h4 57.Qd7 Qa6+ 58.Kg2 Qg6+
59.Kf1 Qh5 60.Qh3 f5 61.Ne2 Qg4 62.Ng1 Bg5 63.Qd3 e4 64.Qd7+ Kf8 65.Qc8+ Kf7
66.Qc4+ Kg7 67.Qc7+ Kg6 68.f3 exf3 69.Qc6+ Bf6 70.Qxf3 Bxb2 71.Qg2 Be5 72.Nf3 Bg3
73.Qe2 Qe4 74.Qxe4 fxe4 75.Nd2 e3 76.Nc4  1/2-1/2

[Event "Hyeres op"]
[Site "Hyeres"]
[Date "1992.??.??"]
[Round "?"]
[White "Solozhenkin, Evgeniy"]
[Black "Boudre, Jean Pierre"]
[Result "0-1"]
[WhiteElo "2465"]
[BlackElo "2405"]

1.d4 d5 2.c4 c6 3.Nc3 Nf6 4.e3 e6 5.Nf3 Nbd7 6.Bd3 dxc4 7.Bxc4 b5 8.Bd3 Bb7
9.O-O Rc8 10.e4 b4 11.Na4 c5 12.Bg5 c4 13.Bb1 h6 14.Bxf6 Nxf6 15.Re1 Be7
16.Qc2 Qa5 17.b3 cxb3 18.Qxb3 O-O 19.Bd3 Rc7 20.Qd1 Rd8 21.h3 Nh5 22.g3 Nf6
23.Re3 Nh7 24.Bf1 Ng5 25.Ne5 Nxe4 26.Bg2 f5 27.Nb2 Bf6 28.Nbc4 Qd5 29.Qf1 Ba6  0-1

[Event "Iraklion op"]
[Site "Iraklion"]
[Date "1992.??.??"]
[Round "3"]
[White "Radulov, Ivan"]
[Black "Khenkin, Igor"]
[Result "1/2-1/2"]
[WhiteElo "2400"]
[BlackElo "2530"]

1.Nf3 d5 2.c4 e6 3.d4 Nf6 4.Nc3 c6 5.e3 Nbd7 6.a3 Bd6 7.Be2 O-O 8.cxd5 exd5
9.O-O a5 10.Qc2 Re8 11.Bd3 Qe7 12.Nd2 Nf8 13.e4 Ne6 14.e5 Nxd4 15.exd6 Nxc2
16.dxe7 Nxa1 17.b3 a4 18.bxa4 d4 19.Ne2 Rxe7 20.Nxd4 c5 21.Nb5 Be6 22.Bb2 Rd8
23.Bxf6 gxf6 24.Ne4 Rxd3 25.Nxc5 Nb3 26.Nxd3 Bc4 27.Re1 Re6  1/2-1/2

[Event "Iraklion op"]
[Site "Iraklion"]
[Date "1992.??.??"]
[Round "4"]
[White "Grivas, Efstratios"]
[Black "Hector, Jonny"]
[Result "1/2-1/2"]
[WhiteElo "2465"]
[BlackElo "2535"]

1.d4 d5 2.c4 c6 3.Nf3 Nf6 4.Nc3 e6 5.e3 Nbd7 6.Qc2 Bd6 7.Be2 O-O 8.O-O Re8
9.Rd1 Qe7 10.b3 b6 11.e4 Nxe4 12.Nxe4 dxe4 13.Qxe4 Bb7 14.Bf4 Nf6 15.Qe3 Bxf4
16.Qxf4 c5 17.Ne5 Rad8 18.dxc5 bxc5 19.Bf3 Qc7 20.Bxb7 Qxb7 21.Qe3 Qb6 22.Nd3 Rc8
23.Rd2 Red8 24.Rad1 Rd4 25.Ne5 Rxd2 26.Qxd2 a5 27.Nd7 Nxd7 28.Qxd7 Rf8 29.Qb5 Qc7
30.g3 Rb8 31.Qd7 Qxd7 32.Rxd7 a4 33.bxa4 Kf8 34.Rc7  1/2-1/2

[Event "Karvina op"]
[Site "Karvina"]
[Date "1992.??.??"]
[Round "3"]
[White "Szymczak, Zbigniew"]
[Black "Stripunsky, Alexander"]
[Result "0-1"]
[WhiteElo "2325"]
[BlackElo "2415"]

1.d4 d5 2.c4 c6 3.Nc3 Nf6 4.Nf3 e6 5.e3 Nbd7 6.Qc2 Bd6 7.Be2 O-O 8.O-O dxc4
9.Bxc4 a6 10.h3 c5 11.Rd1 Qc7 12.Ne4 Nxe4 13.Qxe4 Nf6 14.Qh4 cxd4 15.Rxd4 b5
16.Be2 Bb7 17.Bd2 e5 18.Rc1 Qe7 19.Rxd6 Qxd6 20.Bb4 Qe6 21.Bxf8 Rxf8 22.b3 Rd8
23.Rc7 Bxf3 24.Bxf3 e4 25.Bg4 Qe5 26.Rc8 Rxc8 27.Bxc8 a5 28.g4 h6 29.Kg2 Qc3
30.Bf5 g6 31.Qxh6 gxf5 32.Qg5+ Kf8 33.Qxf5 Qc6 34.g5 Nd5 35.Qe5 b4 36.h4 Qe6
37.Qh8+ Ke7 38.Qd4 Nc3 39.Qa7+ Kf8 40.Qxa5 Qg4+ 41.Kf1 Qh3+  0-1

[Event "Karvina op"]
[Site "Karvina"]
[Date "1992.??.??"]
[Round "5"]
[White "Michenka, Jozef"]
[Black "Vavra, Pavel"]
[Result "0-1"]
[WhiteElo "2380"]
[BlackElo "2325"]

1.d4 d5 2.c4 c6 3.Nc3 Nf6 4.e3 e6 5.Nf3 Nbd7 6.Qc2 Bd6 7.Be2 O-O 8.b3 Re8
9.O-O dxc4 10.Bxc4 b5 11.Bd3 Bb7 12.Rd1 Qc7 13.Bb2 b4 14.Na4 c5 15.dxc5 Bxf3
16.gxf3 Bxh2+ 17.Kg2 Be5 18.Bb5 Red8 19.Bxd7 Nxd7 20.Rh1 h6 21.Rh5 Bxb2 22.Qxb2 f5
23.Rh4 Nxc5 24.Nxc5 Qxc5 25.Rc1 Qe7 26.Rd4 Rxd4 27.Qxd4 Rd8 28.Qc5 Qxc5 29.Rxc5 Rd5
30.Rc7 a5 31.Ra7 h5 32.f4 e5 33.fxe5 Rxe5 34.Kg3 g5 35.Kh3 h4 36.Rc7 Rd5
37.Ra7 Rd2 38.f4 g4+ 39.Kxh4 Rxa2 40.e4 fxe4 41.Kxg4 e3 42.Kf3 e2 43.Kf2 a4
44.bxa4 b3 45.Rb7 b2 46.a5 Ra1  0-1

[Event "Karvina op"]
[Site "Karvina"]
[Date "1992.??.??"]
[Round "5"]
[White "Tarasova, Oksana"]
[Black "Stripunsky, Alexander"]
[Result "1/2-1/2"]
[WhiteElo "2105"]
[BlackElo "2415"]

1.d4 d5 2.c4 c6 3.Nc3 Nf6 4.Nf3 e6 5.e3 Nbd7 6.Qc2 Bd6 7.Bd3 O-O 8.O-O dxc4
9.Bxc4 a6 10.a4 Qc7 11.e4 e5 12.h3 exd4 13.Nxd4 Ne5 14.Be2 c5 15.Nf5 Bxf5
16.exf5 h6 17.Ne4 Nxe4 18.Qxe4 Rfe8 19.Be3 Nd7 20.Qc4 Be5 21.Rfd1 Bxb2 22.Rab1 Bf6
23.Qd5 Nb6 24.Qb3 Nxa4 25.Qxa4 b5 26.Qa3 c4 27.Bf3 Rab8 28.Qxa6 b4 29.Ba7 c3
30.Bxb8 Rxb8 31.Be4 c2 32.Bxc2 Qxc2 33.Qd3 Qc5 34.Rdc1 Qb6 35.Qb3 Bd4 36.Rc2 Qf6
37.Qc4 Qxf5 38.Rxb4 Rxb4 39.Qxb4 Qxc2 40.Qxd4 Kh7 41.Qf4 Qd1+ 42.Kh2 Qd5
43.Qe3 g5 44.Qe7 Kg6 45.Qe8 Qd6+ 46.Kg1 Qd4 47.Qg8+ Qg7 48.Qe8 h5 49.Qe4+ Kh6
50.g4 Qg6  1/2-1/2

[Event "Karvina op"]
[Site "Karvina"]
[Date "1992.??.??"]
[Round "8"]
[White "Orsag, Milan"]
[Black "Vavra, Pavel"]
[Result "1/2-1/2"]
[WhiteElo "2375"]
[BlackElo "2325"]

1.d4 d5 2.Nf3 Nf6 3.c4 c6 4.Nc3 e6 5.e3 Nbd7 6.Qc2 Bd6 7.Be2 O-O 8.O-O Re8
9.a3 Qc7 10.h3 a6 11.Bd2 b5 12.b3 Bb7 13.Rfc1 bxc4 14.bxc4 dxc4 15.Na4 c5
16.dxc5 Nxc5  1/2-1/2

[Event "Katowice op"]
[Site "Katowice"]
[Date "1992.??.??"]
[Round "4"]
[White "Pisulinski, Jan"]
[Black "Neverov, Valeriy"]
[Result "1/2-1/2"]
[WhiteElo "2345"]
[BlackElo "2520"]

1.d4 d5 2.c4 e6 3.Nc3 c6 4.e3 Nf6 5.Nf3 Nbd7 6.Qc2 Bd6 7.Be2 O-O 8.O-O dxc4
9.Bxc4 e5 10.h3 Qe7 11.Bb3 b6 12.e4 exd4 13.Nxd4 Qe5 14.Nf3 Qh5 15.Rd1 Bc7
16.Be3 Nc5 17.Nd4 Re8 18.Nxc6 Bxh3 19.gxh3 Nxb3 20.axb3 Qxh3 21.f3 Qxf3 22.Qf2 Qh3
23.Bd4 Re6 24.Qg2 Qxg2+ 25.Kxg2 Rxc6 26.Bxf6 Rxf6 27.Rd7 Bd6 28.Nd5 Rg6+
29.Kf1 h5 30.Nxb6 Bc5 31.Nxa8 Rg1+ 32.Ke2 Rxa1 33.Rd5 Bf8 34.Rxh5 Ra2 35.Rb5 f6
36.Nc7 Rxb2+ 37.Kf3 Bd6 38.Ne6 Kf7 39.Nd4 Be5 40.Nf5 Rc2 41.Ra5 Rc7 42.Kg4 g6
43.Ne3 Bd4 44.Nd5 Rb7  1/2-1/2

[Event "Katowice op"]
[Site "Katowice"]
[Date "1992.??.??"]
[Round "4"]
[White "Agrest, Evgenij"]
[Black "Mnatsakanian, Eduard A"]
[Result "1/2-1/2"]
[WhiteElo "2485"]
[BlackElo "2415"]

1.d4 d5 2.c4 c6 3.Nc3 Nf6 4.e3 e6 5.Nf3 Nbd7 6.Be2 Bd6 7.O-O O-O 8.a3 dxc4
9.Bxc4 e5 10.Qc2 Qe7 11.h3 Bc7 12.Ba2 h6 13.Nh4 Kh8 14.Nf5 Qe8 15.Nb5 Bb8
16.Nbd6 Bxd6 17.Nxd6 Qe7 18.Nf5 Qe8 19.Bd2 a5 20.b4 exd4 21.exd4 Qe4 22.Bb1 Qxc2
23.Bxc2 Nb6 24.bxa5 Nc4 25.Bb4 Bxf5 26.Bxf5 Rfd8 27.Rfe1 Nxa5 28.Rab1 Rxd4
29.Re7 Kg8 30.Rbe1 Rdd8 31.Rc7 g6 32.Bc2 Nd5 33.Bxa5 Rxa5 34.Rxb7 Rxa3 35.Bb3 Ra6
36.Rd1 Kg7 37.Rd3 Rd6 38.Kh2 Ra5 39.f3 Ra8 40.Rd1 Rad8 41.Rc1 Rf6 42.Ra1 h5
43.Raa7 Re8 44.Rd7 Re2 45.h4 Rd2 46.Kg3 Rf5 47.Ba4 Rb2 48.Rdb7 Re2 49.Bb3 Re3
50.Bxd5 cxd5 51.Rd7 Rd3 52.Rab7 Rd2 53.Ra7 Rb2 54.Ra5  1/2-1/2

[Event "Katowice op"]
[Site "Katowice"]
[Date "1992.??.??"]
[Round "7"]
[White "Shipov, Sergei"]
[Black "Shumiakina, Tatiana"]
[Result "1-0"]
[WhiteElo "2460"]
[BlackElo "2330"]

1.d4 d5 2.c4 c6 3.Nf3 Nf6 4.Nc3 e6 5.e3 Nbd7 6.Qc2 Bd6 7.Be2 O-O 8.O-O Qe7
9.Rd1 b6 10.e4 Nxe4 11.Nxe4 dxe4 12.Qxe4 Bb7 13.Bg5 Nf6 14.Qc2 c5 15.dxc5 Bxc5
16.Ne5 Rfd8 17.Bf3 Bxf3 18.Nxf3 Qc7 19.Qe2 Rxd1+ 20.Rxd1 Rd8 21.Rxd8+ Qxd8
22.Bd2 a5 23.Kf1 h6 24.h3 Qd6 25.Ne5 Ne4 26.Nd3 Qd4 27.Be3 Ng3+ 28.fxg3 Qxe3
29.Qxe3 Bxe3 30.Ke2 Bd4 31.g4 Kf8 32.Kf3 Ke7 33.Ke4 Bg1 34.b3 f6 35.a3 g6
36.b4 axb4 37.axb4 Kd6 38.Nf4 f5+ 39.Kf3 g5 40.Ne2 Bh2 41.gxf5 exf5 42.g3 f4
43.gxf4 gxf4 44.Nxf4 Ke5 45.Ne2 Kf5 46.Nd4+ Ke5 47.Nc6+ Kd6 48.Na7 Ke5 49.Nc6+ Kd6
50.Nd4 Ke5 51.Ne2 Kf5 52.c5 bxc5 53.bxc5 Be5 54.Ke3 Bf6 55.Kd3 Kg5 56.Ke4 Kh4
57.Nf4 Bd8 58.Kf3 Ba5 59.c6 Bc7 60.Ne6 Bb8 61.Kg2  1-0

[Event "Katowice op"]
[Site "Katowice"]
[Date "1992.??.??"]
[Round "8"]
[White "Agrest, Evgenij"]
[Black "Volzhin, Alexander"]
[Result "1/2-1/2"]
[WhiteElo "2485"]
[BlackElo "2370"]

1.d4 d5 2.c4 c6 3.Nc3 e6 4.e3 Nf6 5.Nf3 Nbd7 6.Be2 Bd6 7.O-O O-O 8.a3 Qe7
9.Qc2 b6 10.e4 Nxe4 11.Nxe4 dxe4 12.Qxe4 Bb7 13.Bd3 f5 14.Qe2 c5 15.Re1 Bxf3
16.Qxe6+ Qxe6 17.Rxe6 Rae8 18.Rxe8 Rxe8 19.gxf3 Re1+ 20.Kg2 cxd4 21.Bxf5 Nc5
22.Rb1 Nb3 23.Bg5 Re5 24.Bf4 Rxf5 25.Bxd6 Rg5+ 26.Bg3 Rc5 27.Rd1 a5 28.Bb8 Rxc4
29.f4 Kf7 30.Kf3 g6 31.Ba7 Rc6 32.Ke4 Ke6 33.Re1 Rd6 34.Bb8 Rd7 35.Kd3+ Kd5
36.Re5+ Kc6 37.Re6+ Kb5 38.a4+ Kxa4 39.Rxb6 Rd5 40.Bd6 Rb5 41.Rc6 Rh5 42.Be5 Rxh2
43.Rc4+ Kb5 44.Bxd4 Nxd4 45.Rxd4 Rxf2 46.Rd7 Rxf4 47.Rxh7 g5 48.Rg7 g4 49.Kc3 a4
50.Rg5+ Kc6 51.b4 Rf3+ 52.Kc2 g3 53.Kb2 Kd6 54.b5 Ke6 55.b6 Kf6 56.Rg8 Rb3+  1/2-1/2

[Event "Kecskemet2"]
[Site "Kecskemet"]
[Date "1992.??.??"]
[Round "1"]
[White "Sjoberg, Mats"]
[Black "Siklosi, Zoltan"]
[Result "1-0"]
[WhiteElo "2470"]
[BlackElo "2415"]

1.d4 d5 2.c4 c6 3.Nf3 Nf6 4.e3 e6 5.Nc3 Nbd7 6.Qc2 Bd6 7.Be2 O-O 8.O-O dxc4
9.Bxc4 Qe7 10.a3 e5 11.h3 Bc7 12.Ba2 Qd6 13.Rd1 exd4 14.exd4 a6 15.Bg5 Nb6
16.Bh4 Nbd5 17.Bxd5 Nxd5 18.Bg3 Qd8 19.Bxc7 Nxc7 20.Re1 Be6 21.Rad1 Qf6 22.Ne4 Qh6
23.Nc5 Bd5 24.Qf5 Ne6 25.Ne5 Nxc5 26.dxc5 Rae8 27.Re3 Re6 28.Rxd5 cxd5 29.Nxf7 Qxe3
30.fxe3 Rf6 31.Qxd5 R6xf7 32.e4 h6 33.e5 Kh8 34.b4 Re7 35.a4 Rfe8 36.Kh2 Rxe5  1-0

[Event "JUG-ch"]
[Site "Kladovo"]
[Date "1992.??.??"]
[Round "7"]
[White "Ilincic, Zlatko"]
[Black "Lazic, Miroljub"]
[Result "1-0"]
[WhiteElo "2445"]
[BlackElo "2450"]

1.d4 d5 2.c4 c6 3.Nf3 Nf6 4.Nc3 e6 5.e3 Nbd7 6.Qc2 Bd6 7.Be2 O-O 8.O-O dxc4
9.Bxc4 e5 10.h3 Qe7 11.a3 a6 12.Ba2 b5 13.Ng5 Bb7 14.Nce4 Bb8 15.Nxf7 Rxf7
16.Ng5 e4 17.Bxf7+ Kh8 18.Ba2 h6 19.Nf7+ Kh7 20.f4 c5 21.dxc5 Nxc5 22.Ne5 Bxe5
23.fxe5 Qxe5 24.Bd2 Qg5 25.b4 Nd3 26.Qc7 Bc8 27.h4 Qxh4 28.Bc3 Nh5 29.Bd5 Bh3
30.Bxa8 Bxg2 31.Qh2 Bh3 32.Bxe4+ Qxe4 33.Qxh3 Qg6+ 34.Qg2 Ng3 35.Rf3 Ne2+
36.Kf1 Qxg2+ 37.Kxg2 Nxc3 38.e4 Ne2 39.Rxd3 Nf4+ 40.Kf3 Nxd3 41.Ke3 Nb2 42.Kd4 Kg6
43.Rf1  1-0

[Event "JUG-ch"]
[Site "Kladovo"]
[Date "1992.??.??"]
[Round "9"]
[White "Nestorovic, Dejan"]
[Black "Lazic, Miroljub"]
[Result "0-1"]
[WhiteElo "2335"]
[BlackElo "2450"]

1.d4 d5 2.Nf3 Nf6 3.c4 c6 4.Nc3 e6 5.e3 Nbd7 6.Qc2 Bd6 7.g4 dxc4 8.g5 Nd5
9.Bxc4 Qe7 10.Bd2 N7b6 11.Be2 Nxc3 12.Bxc3 Nd5 13.O-O-O Bd7 14.Kb1 Rc8 15.Rc1 O-O
16.Ne5 Bxe5 17.dxe5 Qxg5 18.f4 Qg2 19.Rhg1 Qf2 20.Rg3 Nxe3 21.Bd4 Qxg3  0-1

[Event "Kobanya op"]
[Site "Kobanya op"]
[Date "1992.??.??"]
[Round "10"]
[White "Bagonyai, Attila"]
[Black "Kozlov, Oleg"]
[Result "0-1"]
[WhiteElo "2280"]
[BlackElo "2365"]

1.d4 d5 2.c4 e6 3.Nf3 Nf6 4.Nc3 c6 5.e3 Nbd7 6.Bd3 dxc4 7.Bxc4 b5 8.Bd3 a6
9.e4 c5 10.e5 cxd4 11.Nxb5 Nxe5 12.Nxe5 axb5 13.Bxb5+ Bd7 14.Nxd7 Qa5+ 15.Bd2 Qxb5
16.Nxf8 Kxf8 17.a4 Qxb2 18.O-O Nd5 19.Rb1 Qa2 20.Rb7 Nf6 21.Bb4+ Kg8 22.Qxd4 Qxa4
23.Qd6 h5 24.h3 Rh6 25.Re1 Nd5 26.Bc5 Rg6 27.Bb4 Qc2 28.Rb8+ Rxb8 29.Qxb8+ Kh7
30.Bd6 h4 31.Qd8 Nf6 32.Qc7 Qd2 33.Re5 Ne8 34.Rh5+ Kg8 35.Rh8+ Kxh8 36.Qxf7 Qd1+
37.Kh2  0-1

[Event "Ladenburg BM"]
[Site "Ladenburg"]
[Date "1992.??.??"]
[Round "11"]
[White "Raupp, Thomas"]
[Black "Beikert, Guenther"]
[Result "1-0"]
[WhiteElo "2345"]
[BlackElo "2350"]

1.d4 d5 2.c4 c6 3.Nf3 Nf6 4.Nc3 e6 5.e3 Nbd7 6.Qc2 Bd6 7.b3 O-O 8.Be2 Re8
9.O-O dxc4 10.bxc4 e5 11.Rd1 exd4 12.exd4 Nf8 13.Rb1 Ng6 14.h3 Qc7 15.Bf1 Nf4
16.Rb3 a6 17.c5 Bf8 18.Ne5 N6d5 19.Nxd5 Nxd5 20.Nc4 Rb8 21.Bd2 Be6 22.Rdb1 Nf4
23.Qc1 Ng6 24.Rb6 Qd7 25.Be3 Be7 26.a3 Bd8 27.Rxa6 Bc7 28.Ra7 Kf8 29.Na5 f5
30.f3 Ra8 31.Rxa8 Rxa8 32.Nxb7 Ne7 33.Bf2 Nd5 34.Nd6 Bxd6 35.cxd6 Qxd6 36.Rb7 Rxa3
37.Qg5 Ne7 38.Bg3 Qxd4+ 39.Kh2 Bd7 40.Rb8+ Be8 41.Qh5 Qd7 42.Bc4 Ng6 43.Qxh7 f4
44.Be1 Ra4 45.Bb3  1-0

[Event "Leeuwarden op"]
[Site "Leeuwarden"]
[Date "1992.??.??"]
[Round "2"]
[White "Yakovich, Yuri"]
[Black "Klarenbeek, Hans"]
[Result "1-0"]
[WhiteElo "2520"]
[BlackElo "2420"]

1.d4 d5 2.c4 e6 3.Nc3 c6 4.e3 Nf6 5.Nf3 Nbd7 6.Bd3 dxc4 7.Bxc4 b5 8.Bd3 Bb7
9.O-O a6 10.e4 c5 11.d5 c4 12.dxe6 fxe6 13.Bc2 Qc7 14.Qe2 Bd6 15.Nd4 Nc5
16.f4 e5 17.Nf5 O-O 18.Rd1 Nd3 19.Nxd6 Qxd6 20.Bxd3 cxd3 21.Rxd3 Qe6 22.f5 Qc6
23.Bg5 b4 24.Bxf6 bxc3 25.Bxe5 Rae8 26.Bxc3 Rxe4 27.Qf2 Rg4 28.Rd2 Qb5 29.a4 Rxa4
30.Rxa4 Qxa4 31.h3 Qc6 32.Qg3 Qc5+ 33.Kh2 Qe7 34.f6 Qf7 35.Re2 Qg6 36.Qxg6 hxg6
37.fxg7 Rc8 38.Re6 Kh7 39.Rb6 Rc7 40.Rb4 Rd7 41.Rh4+  1-0

[Event "Lenk op"]
[Site "Lenk"]
[Date "1992.??.??"]
[Round "?"]
[White "Groszpeter, Attila"]
[Black "Tukmakov, Vladimir B"]
[Result "1/2-1/2"]
[WhiteElo "2520"]
[BlackElo "2570"]

1.d4 d5 2.c4 c6 3.Nc3 Nf6 4.e3 e6 5.Nf3 Nbd7 6.Bd3 dxc4 7.Bxc4 b5 8.Be2 b4
9.Na4 Be7 10.Bd2 O-O 11.O-O a5 12.Bd3 c5 13.dxc5 Nxc5 14.Nxc5 Bxc5 15.Qe2 Qb6
16.a3 Bb7 17.e4 Rfd8  1/2-1/2

[Event "Lenk op"]
[Site "Lenk"]
[Date "1992.??.??"]
[Round "?"]
[White "Tukmakov, Vladimir B"]
[Black "Lukasiewicz, Grzegorz"]
[Result "1-0"]
[WhiteElo "2570"]
[BlackElo "2360"]

1.d4 d5 2.c4 c6 3.Nf3 Nf6 4.Nc3 e6 5.e3 Nbd7 6.Qc2 Bd6 7.Be2 O-O 8.O-O Qe7
9.b3 a6 10.Bb2 e5 11.cxd5 cxd5 12.dxe5 Nxe5 13.Nd4 Bd7 14.Rac1 Rad8 15.Nf5 Bxf5
16.Qxf5 Rfe8 17.Rc2 d4 18.exd4 Nc6 19.Rd1 Bb8 20.Rcd2 Nb4 21.g3 Ba7 22.Ba3 b5
23.Bf3 Qd6 24.d5 Bc5 25.Bb2 Re5 26.Qb1 Qe7 27.Kg2 g5 28.h3 h5 29.g4 hxg4
30.hxg4 Qd7 31.a3 Nxg4 32.axb4 Bxf2 33.Ne4 f5 34.Bxg4 Rxe4 35.Qxe4  1-0

[Event "Leon"]
[Site "Leon"]
[Date "1992.??.??"]
[Round "4"]
[White "Garcia Ilundain, David"]
[Black "Illescas Cordoba, Miguel"]
[Result "0-1"]
[WhiteElo "2420"]
[BlackElo "2555"]

1.d4 Nf6 2.c4 c6 3.Nc3 d5 4.Nf3 e6 5.e3 Nbd7 6.Qc2 Bd6 7.g4 Nxg4 8.Rg1 Nxh2
9.Nxh2 Bxh2 10.Rxg7 Nf8 11.Rg2 Bd6 12.Bd2 Bd7 13.O-O-O a6 14.e4 Rc8 15.Re1 Be7
16.f4 b5 17.c5 dxe4 18.Nxe4 f5 19.Nd6+ Bxd6 20.cxd6 Kf7 21.Kb1 Rg8 22.Rxg8 Kxg8
23.Qc5 Ng6 24.Bd3 a5 25.Bc2 a4 26.Rg1 Ra8 27.Bc3 Rb8 28.d5 Qb6 29.Qxb6 Rxb6
30.Bd4 Rb8 31.dxc6 Bxc6 32.Be5 Kf7 33.Kc1 h5 34.Kd2 h4 35.Bd1 Nxe5 36.fxe5  0-1

[Event "Liechtenstein op"]
[Site "Liechtenstein"]
[Date "1992.??.??"]
[Round "?"]
[White "Nemet, Ivan"]
[Black "Markus, John Raymond"]
[Result "1-0"]
[WhiteElo "2395"]
[BlackElo "2245"]

1.d4 d5 2.Nf3 c6 3.c4 Nf6 4.e3 e6 5.Nc3 Nbd7 6.Bd3 dxc4 7.Bxc4 b5 8.Bd3 a6
9.e4 c5 10.e5 cxd4 11.Nxb5 axb5 12.exf6 Qb6 13.O-O Bb7 14.b4 Nxf6 15.Qe2 Bc6
16.Bb2 Bxb4 17.Nxd4 Bd5 18.Be4 Bc4 19.Qf3 Rc8 20.Rfd1 e5 21.Nc6 Be7 22.Bf5 Rc7
23.a4 Nd5 24.axb5  1-0

[Event "Liechtenstein op"]
[Site "Liechtenstein"]
[Date "1992.??.??"]
[Round "?"]
[White "Roesemann, Rainer"]
[Black "Ciric, Dragoljub M"]
[Result "1/2-1/2"]
[WhiteElo "2210"]
[BlackElo "2375"]

1.d4 d5 2.Nf3 e6 3.c4 c6 4.e3 Nf6 5.Nc3 Nbd7 6.cxd5 exd5 7.Bd3 Bd6 8.O-O O-O
9.Qc2 Re8 10.Re1 Nf8 11.h3 Ng6 12.e4 dxe4 13.Nxe4 Nd5 14.Bg5 Be7 15.Bxe7 Rxe7
16.a3 Ndf4 17.Neg5 Nxd3 18.Qxd3 h6 19.Rxe7 Qxe7 20.Re1 Qd8 21.Ne4 Bf5 22.Qe3 Qc7
23.Ng3 Be6 24.Ne5 Re8 25.Nh5 Bf5 26.Qc3 Qd8 27.Qb3 Nxe5 28.dxe5 Qd2 29.Re3 Bc2
30.Qxb7 Qd1+ 31.Kh2 Ba4 32.Rf3 Rf8 33.Qc7 Bc2 34.Qxc6 Bg6 35.Nf4 Qc2 36.Nxg6 Qxg6
37.Rg3 Qe6 38.f4 Re8 39.Qc3 g6 40.Rf3 Rd8 41.b4 Qd5 42.Rf2 Qe4 43.Qf3 Qc4
44.Re2 Rd4 45.g3 Rd3 46.Qe4 Rd4 47.Qc2 Qd5 48.e6 Rd1 49.exf7+ Kxf7 50.Qe4 Qxe4
51.Rxe4 Rd2+  1/2-1/2

[Event "Linares NL"]
[Site "Linares"]
[Date "1992.??.??"]
[Round "?"]
[White "Browne, Walter S"]
[Black "Espinoza Flores, Rafael"]
[Result "1-0"]
[WhiteElo "2515"]
[BlackElo "2430"]

1.d4 d5 2.c4 e6 3.Nc3 Nf6 4.Nf3 c6 5.e3 Nbd7 6.Qc2 Bd6 7.Be2 O-O 8.O-O e5
9.cxd5 cxd5 10.Nb5 Bb8 11.dxe5 Nxe5 12.Bd2 Bg4 13.Nbd4 Qd6 14.g3 Ne4 15.Rfd1 Qf6
16.Kg2 Qh6 17.Be1 Qh3+ 18.Kg1 Bxf3 19.Nxf3 Ng4 20.Qb3 Bc7 21.Bf1 Qh6 22.h3 Ngf6
23.Nd4 Rae8 24.Qxb7 Bxg3 25.fxg3 Qxe3+ 26.Kh1 Rb8 27.Qa6 Rxb2 28.Ne2 Qf3+
29.Kg1 Qe3+ 30.Kg2 Nh5 31.Qd3 Qb6 32.Qxd5 Re8 33.Qxh5 Qe3 34.Qf3 Qb6 35.Kh1 Ng5
36.Qd3 Qf6 37.Nf4 Ne4 38.Bg2 Nc5 39.Qf3 h6 40.Bc3  1-0

[Event "Linares NL"]
[Site "Linares"]
[Date "1992.??.??"]
[Round "?"]
[White "Sunye Neto, Jaime"]
[Black "Hergott, Deen"]
[Result "1/2-1/2"]
[WhiteElo "2495"]
[BlackElo "2410"]

1.c4 e6 2.Nc3 d5 3.d4 c6 4.e3 Nf6 5.Nf3 Nbd7 6.Bd3 dxc4 7.Bxc4 b5 8.Bd3 Bb7
9.O-O a6 10.a4 b4 11.Ne4 c5 12.Nxf6+ Nxf6 13.Qe2 cxd4 14.exd4 Be7 15.Ne5 O-O
16.Be3 a5 17.Rad1 Re8 18.f3 Nd5 19.g3 Nxe3 20.Qxe3 Bf6 21.Be4  1/2-1/2

[Event "Linares"]
[Site "Linares"]
[Date "1992.??.??"]
[Round "1"]
[White "Gelfand, Boris"]
[Black "Illescas Cordoba, Miguel"]
[Result "1-0"]
[WhiteElo "2665"]
[BlackElo "2555"]

1.d4 d5 2.c4 c6 3.Nf3 Nf6 4.Nc3 e6 5.e3 Nbd7 6.Bd3 dxc4 7.Bxc4 b5 8.Bd3 Bb7
9.O-O a6 10.e4 c5 11.d5 c4 12.Bc2 Qc7 13.Qe2 Bd6 14.Bg5 h6 15.Bxf6 gxf6 16.a4 b4
17.Nd1 Ne5 18.Nxe5 Bxe5 19.Ne3 Rc8 20.Rad1 h5 21.Kh1 b3 22.Bb1 a5 23.Qd2 c3
24.bxc3 Qxc3 25.Qe2 Qb4 26.Bd3 Ke7 27.Bb5 Rcd8 28.Nc4 Bb8 29.Qe3 Ba8 30.Rd3 Rc8
31.d6+ Bxd6 32.Nxd6 Rcd8 33.Qa7+  1-0

[Event "Lippstadt"]
[Site "Lippstadt"]
[Date "1992.??.??"]
[Round "?"]
[White "Ree, Hans"]
[Black "Wehmeier, Stefan"]
[Result "1-0"]
[WhiteElo "2450"]
[BlackElo "2340"]

1.d4 Nf6 2.c4 e6 3.Nf3 d5 4.Nc3 c6 5.e3 Nbd7 6.Be2 dxc4 7.a4 Bb4 8.O-O Qe7
9.Bxc4 O-O 10.Qb3 a5 11.Ne5 Nxe5 12.dxe5 Ng4 13.f4 Qh4 14.h3 Nh6 15.Bd2 Nf5
16.Rad1 b5 17.axb5 cxb5 18.Nxb5 Bc5 19.Nd6 Bxd6 20.exd6 Nxd6 21.Be1 Qd8 22.Bd3 Qc7
23.Bc3 Bb7 24.Qc2 f5 25.Be5 Qxc2 26.Bxc2 Nc4 27.Bd4 Bd5 28.g4 g6 29.Kf2 Kf7
30.gxf5 exf5 31.b3 Na3 32.Bc5 Rfc8 33.Rxd5 Nxc2 34.Rfd1 Kg8 35.Bb6 Ra6 36.Bxa5 Re6
37.Rd8+ Rxd8 38.Rxd8+ Kf7 39.Rd3 Ra6 40.b4 Ke6 41.Rc3 Na1 42.Ke2 Kd5 43.Kd3 Re6
44.Rc5+ Kd6 45.Bc7+ Kd7 46.Be5 Ra6 47.b5 Ra3+ 48.Rc3 Nb3 49.Kc2 Na1+ 50.Kb2 Ra5
51.Rc5 Ke6 52.Bc3  1-0

[Event "Lisbon-ch"]
[Site "Lisbon"]
[Date "1992.??.??"]
[Round "4"]
[White "Santos, Carlos P"]
[Black "Amaral, Nuno"]
[Result "1-0"]
[WhiteElo "2325"]
[BlackElo "2250"]

1.d4 d5 2.c4 e6 3.Nc3 c6 4.Nf3 Nf6 5.e3 Nbd7 6.Qc2 Be7 7.Be2 dxc4 8.a4 c5
9.Bxc4 cxd4 10.exd4 O-O 11.O-O Nb6 12.Bd3 Nbd5 13.Nxd5 Qxd5 14.Re1 Bd7 15.Re5 Qc6
16.Qe2 Rac8 17.Bf4 Bd6 18.Bg5 Bxe5 19.Nxe5 Qd5 20.Bxf6 gxf6 21.Qh5 f5 22.Qg5+ Kh8
23.Qf6+ Kg8 24.Ra3 Qxd4 25.Bf1 f4 26.Rd3  1-0

[Event "Ljubljana op"]
[Site "Ljubljana"]
[Date "1992.??.??"]
[Round "2"]
[White "Brglez, Rado"]
[Black "Sherbakov, Ruslan"]
[Result "0-1"]
[WhiteElo "2270"]
[BlackElo "2495"]

1.d4 d5 2.c4 e6 3.Nc3 c6 4.e3 Nf6 5.Nf3 Nbd7 6.Qc2 Bd6 7.b3 O-O 8.Be2 Qe7
9.O-O dxc4 10.bxc4 e5 11.Bb2 Re8 12.Ne4 Nxe4 13.Qxe4 Nf6 14.Qc2 exd4 15.Bxd4 Ne4
16.Nd2 Nc5 17.Bb2 Be5 18.Nf3 Bxb2 19.Qxb2 Ne4 20.Rad1 Bf5 21.Nd4 Bg6 22.Bd3 Rad8
23.Rfe1 c5 24.Bxe4 Qxe4 25.Nb3 Qxc4 26.Rc1 Qb4 27.a3 Qg4 28.Nxc5 b6 29.f3 Qg5
30.f4 Qe7 31.Nb3 Rd3 32.Rc3 Rxc3 33.Qxc3 Qxa3 34.Qc6 Qe7 35.Nd4 Be4 36.Qb5 Rc8
37.Nf5 Bxf5 38.Qxf5 Rc1 39.Rxc1 Qxe3+ 40.Kf1 Qxc1+ 41.Ke2 Qc4+  0-1

[Event "Ljubljana op"]
[Site "Ljubljana"]
[Date "1992.??.??"]
[Round "4"]
[White "Jelen, Igor"]
[Black "Misanovic, Vesna"]
[Result "0-1"]
[WhiteElo "2340"]
[BlackElo "2320"]

1.d4 d5 2.c4 c6 3.Nc3 Nf6 4.e3 e6 5.Nf3 Nbd7 6.Bd3 Bb4 7.a3 Ba5 8.O-O Qe7
9.b4 Bc7 10.e4 dxc4 11.Bxc4 e5 12.Bb2 O-O 13.h3 exd4 14.Qxd4 Rd8 15.Qe3 Bb6
16.Qe2 Nh5 17.Qc2 Nf8 18.Ne2 Be6 19.Bd3 Ng6 20.Qc3 Nh4 21.Ne1 Qg5 22.Kh1 Nxg2
23.Nxg2 Bxh3 24.Rg1 Bxf2 25.Ngf4 Bg4 26.Bc4 Qh4+ 27.Kg2 Bd4 28.Qe1 Nxf4+
29.Nxf4 Qxe1 30.Raxe1 Bxb2  0-1

[Event "Lloyds Bank op"]
[Site "London"]
[Date "1992.??.??"]
[Round "?"]
[White "Sadler, Matthew"]
[Black "Wells, Peter K"]
[Result "1-0"]
[WhiteElo "2515"]
[BlackElo "2455"]

1.d4 d5 2.c4 e6 3.Nc3 c6 4.e3 Nf6 5.Nf3 Nbd7 6.Qc2 Bd6 7.e4 e5 8.cxd5 cxd5
9.exd5 exd4 10.Nxd4 O-O 11.Bg5 Qe8+ 12.Qe2 Bb4 13.O-O-O Bxc3 14.bxc3 h6 15.Qxe8 Rxe8
16.Bxf6 Nxf6 17.Nb5 Rd8 18.Nc7 Bg4 19.Rd4 Rac8 20.d6 Bf5 21.Bc4 Ne4 22.Nd5 Kf8
23.Ne7 Rxc4 24.Rxc4 Nxd6 25.Rc7 Bd7 26.Re1 Ba4 27.Nd5 Bc6 28.Nb4 Bxg2 29.Rd1 Ke8
30.Rg1 Be4 31.Rxg7 Kf8 32.Rg1 a5 33.Nc2 Nb5 34.Rc5 Bc6 35.Rd1 Re8 36.a4 Nc7
37.Nd4  1-0